Phan Bội Châu toàn tập : Chu Dịch . t. IX /
Đã lưu trong:
| Príomhúdar: | |
|---|---|
| Formáid: | Sách giấy |
| Teanga: | Vietnamese |
| Foilsithe: |
Huế :
Thuận hóa ,
1990
|
| Ábhair: | |
| Clibeanna: |
Cuir Clib Leis
Gan Chlibeanna, Bí ar an gcéad duine leis an taifead seo a chlibeáil!
|
| Thư viện lưu trữ: | Thư viện Trường Đại học Đà Lạt |
|---|
| LEADER | 00692nam a2200277 4500 | ||
|---|---|---|---|
| 001 | DLU020012850 | ||
| 005 | ##20000531 | ||
| 020 | # | # | |a 978- |
| 041 | # | # | |a vie |
| 082 | # | # | |a 895.922 809 |b PH-C |
| 100 | # | # | |a Phan Bội Châu |
| 245 | # | # | |a Phan Bội Châu toàn tập : |b Chu Dịch . |n t. IX / |c Phan Bội Châu |
| 260 | # | # | |a Huế : |b Thuận hóa , |c 1990 |
| 300 | # | # | |a 480 tr.; |c 19 cm. |
| 653 | # | # | |a Sưu tập văn học |
| 653 | # | # | |a Văn học Việt Nam |
| 653 | # | # | |a Văn học yêu nước |
| 992 | # | # | |a 24400 |
| 994 | # | # | |a DLU |
| 900 | # | # | |a False |
| 911 | # | # | |a Administrator |
| 925 | # | # | |a G |
| 926 | # | # | |a A |
| 927 | # | # | |a SH |
| 980 | # | # | |a Thư viện Trường Đại học Đà Lạt |